<?xml version="1.0" encoding="UTF-8"?>
<record
    xmlns:xsi="http://www.w3.org/2001/XMLSchema-instance"
    xsi:schemaLocation="http://www.loc.gov/MARC21/slim http://www.loc.gov/standards/marcxml/schema/MARC21slim.xsd"
    xmlns="http://www.loc.gov/MARC21/slim">

  <leader>01529nam a22002177a 4500</leader>
  <controlfield tag="005">20230816163559.0</controlfield>
  <controlfield tag="008">230811b           ||||| |||| 00| 0 eng d</controlfield>
  <datafield tag="020" ind1=" " ind2=" ">
    <subfield code="a">9789327199192</subfield>
  </datafield>
  <datafield tag="040" ind1=" " ind2=" ">
    <subfield code="c">AL</subfield>
  </datafield>
  <datafield tag="041" ind1=" " ind2=" ">
    <subfield code="a">eng</subfield>
  </datafield>
  <datafield tag="082" ind1=" " ind2=" ">
    <subfield code="2">23</subfield>
    <subfield code="a">330.02</subfield>
    <subfield code="b">ROSN</subfield>
  </datafield>
  <datafield tag="100" ind1=" " ind2=" ">
    <subfield code="a">Rakesh Kumar Roshan</subfield>
    <subfield code="9">129902</subfield>
  </datafield>
  <datafield tag="245" ind1=" " ind2=" ">
    <subfield code="a">NTA UGC NET JRF SET Economics paper 2 2022</subfield>
  </datafield>
  <datafield tag="260" ind1=" " ind2=" ">
    <subfield code="a">New Delhi</subfield>
    <subfield code="b">Arihant Publications</subfield>
    <subfield code="c">2019</subfield>
  </datafield>
  <datafield tag="300" ind1=" " ind2=" ">
    <subfield code="a">668p.</subfield>
    <subfield code="b">PB</subfield>
    <subfield code="c">26x20.5cm</subfield>
  </datafield>
  <datafield tag="365" ind1=" " ind2=" ">
    <subfield code="2">General</subfield>
    <subfield code="a">3819</subfield>
    <subfield code="b">&#x20B9;568.00</subfield>
    <subfield code="c">&#x20B9;</subfield>
    <subfield code="d">&#x20B9;710.00</subfield>
    <subfield code="e">20%</subfield>
    <subfield code="f">10-08-2023</subfield>
  </datafield>
  <datafield tag="520" ind1=" " ind2=" ">
    <subfield code="a">UGC NET is a national-level exam conducted by NTA to certify the eligibility of candidates for the post of &#x2018;Assistant Professor&#x2019; or &#x2018;Junior Research Fellowship&#x2019;.  The aspirants must check the exam pattern and latest syllabus to reserve their seats for the aforementioned post.To make yourself exam ready, take hold on the updated and revised edition of &#x201C;NTA UGC PAPER-2
ECONOMICS, which has been designed as a complete package for the aspiring candidates of UGC NET in Economics. This book provides exhaustive, crisp text resources and an enormous question bank with answers to help aspirants for passing the exam on the first attempt. Prepared as per the latest syllabus applicable from June 2019, the main chapter contents are highlighted to quickly brush up on the chapter before the exam. This book caters to all aspirants&amp;#39; requirements and makes them do well in the
NTA UGC exam.</subfield>
  </datafield>
  <datafield tag="650" ind1=" " ind2=" ">
    <subfield code="2">General</subfield>
    <subfield code="a">Economics</subfield>
    <subfield code="9">129903</subfield>
  </datafield>
  <datafield tag="700" ind1=" " ind2=" ">
    <subfield code="a">Batra, Ritu</subfield>
    <subfield code="9">129904</subfield>
  </datafield>
  <datafield tag="942" ind1=" " ind2=" ">
    <subfield code="2">ddc</subfield>
    <subfield code="c">BK</subfield>
  </datafield>
  <datafield tag="999" ind1=" " ind2=" ">
    <subfield code="c">228302</subfield>
    <subfield code="d">228302</subfield>
  </datafield>
  <datafield tag="952" ind1=" " ind2=" ">
    <subfield code="0">0</subfield>
    <subfield code="1">0</subfield>
    <subfield code="2">ddc</subfield>
    <subfield code="4">0</subfield>
    <subfield code="7">0</subfield>
    <subfield code="8">GEN</subfield>
    <subfield code="a">SACPG</subfield>
    <subfield code="b">SACPG</subfield>
    <subfield code="d">2023-08-11</subfield>
    <subfield code="e">Biblios Book Point</subfield>
    <subfield code="g">568.00</subfield>
    <subfield code="l">7</subfield>
    <subfield code="o">330.02 ROSN</subfield>
    <subfield code="p">PG024376</subfield>
    <subfield code="q">2024-09-03</subfield>
    <subfield code="r">2024-05-06 00:00:00</subfield>
    <subfield code="s">2024-05-06</subfield>
    <subfield code="v">710.00</subfield>
    <subfield code="w">2023-08-11</subfield>
    <subfield code="y">BK</subfield>
  </datafield>
</record>
